000 00580nam a22001697a 4500
005 20250730145747.0
008 250730b |||||||| |||| 00| 0 eng d
020 _a978-81-19028-95-2
041 _aeng
082 _a891.43
_bKISS
100 _aKrishna Kishor
245 _aSahitya Ke Sarokar : Samay, Samaj Aur Sanvedna/Krishna Kishor
260 _aNew Delhi:
_bRaj Kamal Prakashan,
_c2023
300 _a166p.
880 _6245
_aसाहित्य के सरोकार: समय, समाज और संवेदना/कृष्ण किशोर
942 _cBK
999 _c27990
_d27990